<?xml version="1.0" encoding="UTF-8"?>
<record
    xmlns:xsi="http://www.w3.org/2001/XMLSchema-instance"
    xsi:schemaLocation="http://www.loc.gov/MARC21/slim http://www.loc.gov/standards/marcxml/schema/MARC21slim.xsd"
    xmlns="http://www.loc.gov/MARC21/slim">

  <leader>02798agaaa2200349   4500</leader>
  <controlfield tag="001">0455</controlfield>
  <controlfield tag="003">IT-RoPAU</controlfield>
  <controlfield tag="005">20220918181224.0</controlfield>
  <controlfield tag="007">d cvaizq</controlfield>
  <controlfield tag="008">50131s9999||||xx ||| |     ||   ||und||</controlfield>
  <datafield tag="040" ind1=" " ind2=" ">
    <subfield code="a">IT-RoPAU</subfield>
    <subfield code="c">IT-RoPAU</subfield>
  </datafield>
  <datafield tag="041" ind1=" " ind2=" ">
    <subfield code="a">ITALIANO </subfield>
  </datafield>
  <datafield tag="100" ind1=" " ind2=" ">
    <subfield code="a">Kantor Frantz</subfield>
    <subfield code="g">Codice regista SPICS: 60178</subfield>
    <subfield code="9">37289</subfield>
  </datafield>
  <datafield tag="130" ind1=" " ind2=" ">
    <subfield code="a">CREAZIONE (LA) - L'ARCA DI NOE' </subfield>
    <subfield code="9">37290</subfield>
  </datafield>
  <datafield tag="240" ind1=" " ind2=" ">
    <subfield code="a">ANIMATED KID'S BIBLE (THE) </subfield>
    <subfield code="g">T3874</subfield>
  </datafield>
  <datafield tag="245" ind1=" " ind2=" ">
    <subfield code="a">CREAZIONE (LA) - L'ARCA DI NOE' </subfield>
    <subfield code="c">Prodotto da: Broadbrige Tom -- Sceneggiatura: Capamagian Brian Broadbrige Nigel T. Cronin C.J. Hunnam M. -- Diretto da: Kantor Frantz</subfield>
    <subfield code="p">CREAZIONE (LA) - L'ARCA DI NOE' (Rif. Codice opera principale : K0455)</subfield>
  </datafield>
  <datafield tag="246" ind1=" " ind2=" ">
    <subfield code="a">ANIMATED KID'S BIBLE (THE) </subfield>
  </datafield>
  <datafield tag="250" ind1=" " ind2=" ">
    <subfield code="a">Edizione Standard</subfield>
  </datafield>
  <datafield tag="260" ind1=" " ind2=" ">
    <subfield code="a">(USA)</subfield>
    <subfield code="b">N.d. / Distribuzione: MULTIMEDIA SAN PAOLO</subfield>
    <subfield code="g">"2005 (1&#xB0; ed.: 2010 ; Ed. Lingua Orig.: 2005)"</subfield>
  </datafield>
  <datafield tag="300" ind1=" " ind2=" ">
    <subfield code="a">DVD</subfield>
    <subfield code="b">sonoro, col.</subfield>
    <subfield code="c">105 minuti</subfield>
  </datafield>
  <datafield tag="508" ind1=" " ind2=" ">
    <subfield code="a">"Montaggio: Ford G. Jennings P. ; Musica: Ball Marty; Sceneggiatura: Capamagian Brian Broadbrige Nigel T. Cronin C.J. Hunnam M. ; Scenografia: Kantor Frantz ; Soggetto: Broadbrige Nigel T. -- Capamagian Brian"</subfield>
  </datafield>
  <datafield tag="511" ind1=" " ind2=" ">
    <subfield code="a">"; "</subfield>
  </datafield>
  <datafield tag="520" ind1=" " ind2=" ">
    <subfield code="a">DIO HA CREATO IL MONDO IN 6 GIORNI, IL CIELO, LA TERRA ED OGNI ESSERE VIVENTE, INCLUSO ADAMO CHE VIVEVA BEATO NEL GIARDINO DELL'EDEN. DIO DECISE DI DARE UNA COMPAGNA AD ADAMO E DA UNA SUA COSTOLA GENERO' EVA. MISE IN GUARDIA I DUE DI NON MANGIARE FRUTTI DELL'ALBERO DELLA CONOSCENZA, UNICA PROIBIZIONE IMPOSTAGLI. UN MALVAGIO SERPENTE SPINGE EVA A RACCOGLIERE IL FRUTTO PROIBITO E A MANGIARLO CON ADAMO. L'IRA DI DIO SI SCATENA E BANDISCE I DUE DAL GIARDINO DEL'EDEN CONDANNANDOLI A UNA VITA MORTALE FATTA DI DOLORE E LAVORO. NEL NUOVO MONDO MORTALE EVA GENERA CAINO E ABELE CHE CRESCONO IN ARMONIA FINO A QUANDO DIVENUTI ADULTI CAINO UCCIDE ABELE. MALEDETTO DA DIO, ERRERA' VAGABONDO PER LA TERRA. A QUESTO PUNTO L'UMANITA' E DIVENUTA CORROTTA E DIO DECIDE DI CANCELLARE I MALI DELLA TERRA CON DILUVIO UNIVERSALE. INCARICA NOE' E LA SUA FAMIGLIA DI COSTRUIRE UN'IMMENSA ARCA DOVE OSPITARE UNA COPPIA DI OGNI SPECIE ANIMALE ESISTENTE. NOE' OBBEDISCE. QUANDO IL DILUVIO TERMINA, DIO CREA IL PRIMO ARCOBALENO, SEGNO DI UN NUOVO INIZIO. PRIMO DVD DELLA SERIE LE AVVENTURE DELLA BIBBIA DA ADAMO A GESU'. LA BIBBIA ANIMATA IN 3D. </subfield>
  </datafield>
  <datafield tag="538" ind1=" " ind2=" ">
    <subfield code="a">PAL, STEREO</subfield>
  </datafield>
  <datafield tag="546" ind1=" " ind2=" ">
    <subfield code="a">ITALIANO </subfield>
  </datafield>
  <datafield tag="650" ind1=" " ind2=" ">
    <subfield code="a">ANIMAZIONE 3D </subfield>
    <subfield code="e">DVD-FILM [DVD]</subfield>
    <subfield code="x">Codice MATERIA SPICS: 9947</subfield>
    <subfield code="9">37291</subfield>
  </datafield>
  <datafield tag="700" ind1=" " ind2=" ">
    <subfield code="a">Ball Marty</subfield>
    <subfield code="e">(musica)</subfield>
    <subfield code="g">Codice Musica SPICS: 60181</subfield>
    <subfield code="9">37292</subfield>
  </datafield>
  <datafield tag="700" ind1=" " ind2=" ">
    <subfield code="a">Broadbrige Nigel T. </subfield>
    <subfield code="e">(soggetto)</subfield>
    <subfield code="g">Codice Soggetto SPICS: 60179</subfield>
    <subfield code="9">37293</subfield>
  </datafield>
  <datafield tag="700" ind1=" " ind2=" ">
    <subfield code="a">Capamagian Brian </subfield>
    <subfield code="e">(soggetto)</subfield>
    <subfield code="g">Codice Soggetto 2&#xB0; SPICS: 60180</subfield>
    <subfield code="9">37294</subfield>
  </datafield>
  <datafield tag="700" ind1=" " ind2=" ">
    <subfield code="a">Kantor Frantz </subfield>
    <subfield code="e">(regista)</subfield>
    <subfield code="g">Codice regista SPICS: 60178</subfield>
    <subfield code="9">37295</subfield>
  </datafield>
  <datafield tag="942" ind1=" " ind2=" ">
    <subfield code="c">DV</subfield>
    <subfield code="2">ddc</subfield>
  </datafield>
  <datafield tag="999" ind1=" " ind2=" ">
    <subfield code="c">104720</subfield>
    <subfield code="d">104720</subfield>
  </datafield>
  <datafield tag="952" ind1=" " ind2=" ">
    <subfield code="0">0</subfield>
    <subfield code="1">0</subfield>
    <subfield code="4">0</subfield>
    <subfield code="6">K_0455_000000000000000</subfield>
    <subfield code="7">1</subfield>
    <subfield code="a">SPICS</subfield>
    <subfield code="b">SPICS</subfield>
    <subfield code="d">2015-01-31</subfield>
    <subfield code="l">0</subfield>
    <subfield code="o">K0455</subfield>
    <subfield code="r">2015-01-31 00:00:00</subfield>
    <subfield code="w">2015-01-31</subfield>
    <subfield code="y">DV</subfield>
    <subfield code="z">Progr. Ins.: 3935 / N.Vol.:1 / Copie: 1 / Pag.:0 / Copia rara: n.d. / date import: 1.2.2015 / By Epidotti, Trombetti, Vaglietti</subfield>
  </datafield>
</record>
